Managing in turbulent times

Bibliographic Details
Main Author: DRUCKER 1909-
Format: Book
Published: New York, USA : HarperBusiness , 1993
Subjects:

MARC

LEADER 00000cam a2200000 7i4500
001 0000000100
005 20000717.0
020 0 0 |a 0887306160 
090 0 0 |a 658   |b DRU 1993 
100 1 0 |a DRUCKER   |h Peter Ferdinand   |c 1909- 
245 1 0 |a Managing in turbulent times   |c Peter F. Drucker 
260 0 0 |a New York, USA :   |b HarperBusiness ,   |c 1993 
300 |a xi, 239 p. ;   |c 21 cm. 
500 0 0 |a Includes index 
650 0 0 |a Industrial management 
999 |a 0000001083   |b Monograph   |c Open Shelf   |e Default branch